| 000 | 00354 a2200157 4500 | ||
|---|---|---|---|
| 001 | 150277 | ||
| 040 | _cEscola São Tomás de Aquino | ||
| 100 | _aBRANCO, Samuel Murgel | ||
| 240 | 1 | 0 |
_aNatureza e seres vivos _lpor |
| 245 | 1 | 0 | _aNatureza e seres vivos |
| 300 | _a40 | ||
| 362 | 0 | _a1996 | |
| 440 | 1 | _aModerna | |
| 697 | _aCIÊNCIAS | ||
| 942 | _cBK | ||
| 999 |
_c150277 _d150277 |
||